|
|
|
|
| LEADER |
00000cas a2200000 a 4500 |
| 001 |
vtls010082952 |
| 003 |
SK-MaSNL |
| 005 |
20260228160001.0 |
| 008 |
100408c20049999xo br|p 0 0slo |
| 022 |
|
|
|a 1336-6173
|
| 040 |
|
|
|a SNK
|b slo
|c SNK
|e AACR2
|
| 041 |
0 |
|
|a slo
|
| 044 |
|
|
|a xo
|c SK
|
| 072 |
|
7 |
|a 79
|x Rekreácia. Voľný čas. Zábavy. Hry. Šport
|2 konspekt
|
| 080 |
|
|
|a 793.7
|2 2011
|
| 080 |
|
|
|a 79
|2 2011
|
| 080 |
|
|
|a 050
|2 2011
|
| 080 |
|
|
|a 379.8(051)
|2 2011
|
| 210 |
0 |
|
|a Miniosemsmer. Priat. Bratisl.
|
| 222 |
|
0 |
|a Miniosemsmerovky Priateľka a Bratislavčanka
|
| 245 |
0 |
0 |
|a Krimi mini8smerovky špeciál
|b Bratislavčanka
|
| 246 |
1 |
|
|i Názov v tiráži:
|a Miniosemsmerovky Priateľka a Bratislavčanka KRIMI Špeciál
|
| 246 |
1 |
3 |
|a Krimi miniosemsmerovky špeciál
|
| 246 |
1 |
8 |
|a Kniha mini8smeroviek
|
| 246 |
1 |
3 |
|a Krimi mini8smerovky
|f 2016-
|
| 246 |
1 |
|
|i Názov v tiráži:
|a Miniosemsmerovky Priateľka a Bratislavčanka KRIMI
|f 2016-4/2018
|
| 246 |
1 |
|
|i Názov v tiráži:
|a KRIMI mini8smerovky Bratislavčanka a Priateľka
|f 5/2018-
|
| 260 |
|
|
|a Bratislava
|b Redima, spol. s r.o.
|c 2004-
|
| 300 |
|
|
|a zv.
|c 11 cm
|
| 310 |
|
|
|a 6x ročne
|b 2004-2005, 2011-
|
| 321 |
|
|
|a 1x mesačne
|b 2006-2010
|
| 362 |
0 |
|
|a Roč. 1 (2004)-
|
| 500 |
|
|
|a Popis podľa: Roč. 3, č. 2 (2006)
|
| 500 |
|
|
|a Šéfredaktor: ?- , Natália Výbošťoková
|
| 500 |
|
|
|a Evidenčné č.: 3032/09
|
| 500 |
|
|
|a V roku 2011 vydali aj 6 čísiel Krimi mini8smerovky špeciál s rovnakým ročníkom ako Krimi mini8smerovky
|
| 500 |
|
|
|a Rok 2012 má označenie špeciál
|
| 500 |
|
|
|a V roku 2011 zmenené rozmery na 9x20 cm
|
| 515 |
|
|
|a Č. 3-6/2018 majú uvedený roč. 14, má byť roč. 15 ; č. 1/2019 má uvedený roč. 15, má byť roč. 16
|
| 650 |
0 |
7 |
|a krížovky
|2 SNKPH
|9 3313
|
| 650 |
0 |
7 |
|a voľný čas
|2 SNKPH
|9 3355
|
| 650 |
0 |
7 |
|a osemsmerovky
|2 SNKPH
|9 265590
|
| 655 |
|
7 |
|a časopisy pre voľný čas
|2 SNKPH
|9 70337
|
| 700 |
1 |
|
|a Výbošťoková, Natália
|4 pbd
|9 265539
|
| 910 |
|
|
|a snk
|
| 999 |
|
|
|c 1049
|d 2979
|
| 952 |
|
|
|0 0
|1 0
|4 0
|7 0
|8 0
|a SNK
|b SNK
|d 2024-04-05
|i snk2024/5486
|l 0
|o snkČSE 294/18/2022
|p 17A1522928
|r 2026-02-21 19:51:31
|t č. 1-6
|w 2026-02-21
|y PREZ
|
| 952 |
|
|
|0 0
|1 0
|4 0
|7 0
|8 0
|a SNK
|b SNK
|d 2024-04-05
|i snk2024/5487
|l 0
|o snkČSE 294/19/2023
|p 17A1522235
|r 2026-02-21 19:51:31
|t č. 1-7
|w 2026-02-21
|y PREZ
|
| 952 |
|
|
|0 0
|1 0
|4 0
|7 0
|8 0
|a SNK
|b SNK
|d 2021-09-03
|i snk2021/11514
|l 0
|o snkČSE 294/3/2006
|p 17A1435820
|r 2026-02-21 20:01:08
|t č. 1-12, neúplné
|w 2026-02-21
|y PREZ
|z Chýba č. 1, 10
|
| 952 |
|
|
|0 0
|1 0
|4 0
|7 0
|8 0
|a SNK
|b SNK
|d 2021-09-03
|i snk2021/11516
|l 0
|o snkČSE 294/4/2007
|p 17A1435821
|r 2026-02-21 20:01:08
|t č. 1-12
|w 2026-02-21
|y PREZ
|
| 952 |
|
|
|0 0
|1 0
|4 0
|7 0
|8 0
|a SNK
|b SNK
|d 2021-09-03
|i snk2021/11517
|l 0
|o snkČSE 294/5/2008
|p 17A1435822
|r 2026-02-21 20:01:08
|t č. 1-12
|w 2026-02-21
|y PREZ
|
| 952 |
|
|
|0 0
|1 0
|4 0
|7 0
|8 0
|a SNK
|b SNK
|d 2021-09-03
|i snk2021/11518
|l 0
|o snkČSE 294/6/2009
|p 17A1435823
|r 2026-02-21 20:01:08
|t č. 1-12
|w 2026-02-21
|y PREZ
|
| 952 |
|
|
|0 0
|1 0
|4 0
|7 0
|8 0
|a SNK
|b SNK
|d 2021-09-03
|i snk2021/11520
|l 0
|o snkČSE 294/7/2010
|p 17A1435824
|r 2026-02-21 20:01:08
|t č. 1-12
|w 2026-02-21
|y PREZ
|
| 952 |
|
|
|0 0
|1 0
|4 0
|7 0
|8 0
|a SNK
|b SNK
|d 2021-09-03
|i snk2021/11521
|l 0
|o snkČSE 294/8/2011
|p 17A1435825
|r 2026-02-21 20:01:08
|t č. 1-6, neúplné
|w 2026-02-21
|y PREZ
|z Chýba č. 3-4
|
| 952 |
|
|
|0 0
|1 0
|4 0
|7 0
|8 0
|a SNK
|b SNK
|d 2021-09-03
|i snk2021/11526
|l 0
|o snkČSE 294/8/2011/ špec.
|p 17A1435826
|r 2026-02-21 20:01:08
|t č. 1-6, neúplné
|w 2026-02-21
|y PREZ
|z V názve je označenie špeciál ; ; Chýba č. 1, 3
|
| 952 |
|
|
|0 0
|1 0
|4 0
|7 0
|8 0
|a SNK
|b SNK
|d 2021-09-03
|i snk2021/11530
|l 0
|o snkČSE 294/9/2012/ špec.
|p 17A1435827
|r 2026-02-21 20:01:08
|t č. 1-6
|w 2026-02-21
|y PREZ
|
| 952 |
|
|
|0 0
|1 0
|4 0
|7 0
|8 0
|a SNK
|b SNK
|d 2021-09-03
|i snk2021/11533
|l 0
|o snkČSE 294/16/2020/1
|p 17A1435828
|r 2026-02-21 20:01:09
|t č. 1-4
|w 2026-02-21
|y PREZ
|
| 952 |
|
|
|0 0
|1 0
|4 0
|7 0
|8 0
|a SNK
|b SNK
|d 2021-09-03
|i snk2021/11534
|l 0
|o snkČSE 294/16/2020/2
|p 17A1435829
|r 2026-02-21 20:01:09
|t č. 5-7
|w 2026-02-21
|y PREZ
|
| 952 |
|
|
|0 0
|1 0
|4 0
|7 0
|8 0
|a SNK
|b SNK
|d 2021-09-03
|i snk2021/11538
|l 0
|o snkČSE 294/16/2020/ špec.
|p 17A1435830
|r 2026-02-21 20:01:09
|t
|w 2026-02-21
|y PREZ
|z Tri v jednom; Najlepšie z archívu
|
| 952 |
|
|
|0 0
|1 0
|4 0
|7 0
|8 0
|a SNK
|b SNK
|d 2022-11-18
|i snk2022/17211
|l 0
|o snkČSE 294/17/2021/1
|p 17A1464684
|r 2026-02-21 20:04:12
|t č. 1-4
|w 2026-02-21
|y PREZ
|
| 952 |
|
|
|0 0
|1 0
|4 0
|7 0
|8 0
|a SNK
|b SNK
|d 2022-11-18
|i snk2022/17212
|l 0
|o snkČSE 294/17/2021/2
|p 17A1464685
|r 2026-02-21 20:04:12
|t č. 5-7
|w 2026-02-21
|y PREZ
|
| 952 |
|
|
|0 0
|1 0
|4 0
|7 0
|8 0
|a SNK
|b SNK
|d 2020-06-19
|i snk2020/10797
|l 0
|o snkČSE 294/10/2013
|p 17A1430426
|r 2026-02-21 22:01:39
|t č. 1-6, neúplné
|w 2026-02-21
|y PREZ
|z Chýba č. 2
|
| 952 |
|
|
|0 0
|1 0
|4 0
|7 0
|8 0
|a SNK
|b SNK
|d 2020-06-19
|i snk2020/10799
|l 0
|o snkČSE 294/11/2014
|p 17A1430425
|r 2026-02-21 22:01:39
|t č. 1-6
|w 2026-02-21
|y PREZ
|
| 952 |
|
|
|0 0
|1 0
|4 0
|7 0
|8 0
|a SNK
|b SNK
|d 2020-06-19
|i snk2020/10800
|l 0
|o snkČSE 294/12/2015
|p 17A1430424
|r 2026-02-21 22:01:39
|t č. 1-6
|w 2026-02-21
|y PREZ
|
| 952 |
|
|
|0 0
|1 0
|4 0
|7 0
|8 0
|a SNK
|b SNK
|d 2020-06-19
|i snk2020/10801
|l 0
|o snkČSE 294/13/2016
|p 17A1430423
|r 2026-02-21 22:01:39
|t č. 1-7
|w 2026-02-21
|y PREZ
|
| 952 |
|
|
|0 0
|1 0
|4 0
|7 0
|8 0
|a SNK
|b SNK
|d 2020-06-19
|i snk2020/10802
|l 0
|o snkČSE 294/14/2016-2017
|p 17A1430422
|r 2026-02-21 22:01:39
|t č. 1-7, neúplné
|w 2026-02-21
|y PREZ
|z Chýba č. 2
|
| 952 |
|
|
|0 0
|1 0
|4 0
|7 0
|8 0
|a SNK
|b SNK
|d 2020-06-19
|i snk2020/10804
|l 0
|o snkČSE 294/15/2018
|p 17A1388561
|r 2026-02-21 22:01:39
|t č. 1-6
|w 2026-02-21
|y PREZ
|
| 952 |
|
|
|0 0
|1 0
|4 0
|7 0
|8 0
|a SNK
|b SNK
|d 2020-06-19
|i snk2020/10806
|l 0
|o snkČSE 294/15[16]/2018-2019
|p 17A1388560
|r 2026-02-21 22:01:39
|t č. 1-6, neúplné
|w 2026-02-21
|y PREZ
|z Chýba č. 4
|